Power System Protection and Switchgear/ (Record no. 203576)

MARC details
000 -LEADER
fixed length control field 00735nam a22002177a 4500
005 - DATE AND TIME OF LATEST TRANSACTION
control field 20240612164449.0
010 ## - LCCN (DPL NO)
LC control number ENG-140580
020 ## - INTERNATIONAL STANDARD BOOK NUMBER
International Standard Book Number 9789355322852
Terms of availability 860.00
035 ## - SYSTEM CONTROL NUMBER
System control number EN-124112
037 ## - SOURCE OF ACQUISITION
Source of stock number/acquisition DBAD
082 ## - DEWEY DECIMAL CLASSIFICATION NUMBER
Classification number 621.317
Edition number 3
100 ## - MAIN ENTRY--PERSONAL NAME
Personal name Vishwakarma, D N
245 ## - TITLE STATEMENT
Title Power System Protection and Switchgear/
Statement of responsibility, etc By D N Vishwakarma; Badri Ram [and] Sourma R Mohanty
250 ## - EDITION STATEMENT
Edition statement 3
260 ## - PUBLICATION, DISTRIBUTION, ETC. (IMPRINT)
Place of publication, distribution, etc Chennai
Name of publisher, distributor, etc Mc Graw Hill Education
Date of publication, distribution, etc 2022
270 ## - ADDRESS
Address Anjana Complex NO. 5/90 A, Butt Road, St. Thomas Mount
City Chennai
Postal code 600116
300 ## - PHYSICAL DESCRIPTION
Extent xxii,802p.
Dimensions 23cm(pbk)
Other physical details index
700 ## - ADDED ENTRY--PERSONAL NAME
Personal name Ram, Badri
Relator term Author
9 (RLIN) 67434
700 ## - ADDED ENTRY--PERSONAL NAME
Personal name Mohanty, Sourma R
Relator term Author
9 (RLIN) 67435
942 ## - ADDED ENTRY ELEMENTS (KOHA)
Source of classification or shelving scheme Dewey Decimal Classification
Classification part 621.317
Item type English Books
Call number suffix VIS
Edition 3
Holdings
Withdrawn status Lost status Not for loan Collection code Home library Current library Date acquired Source of acquisition Cost, normal purchase price Full call number Barcode Copy number Cost, replacement price Koha item type
      Non-fiction Central Library Central Library 12/06/2024 DBAD 860.00 621.317 VIS EN-124112 1 860.00 English Books

© Delhi Public Library
Hit Counter
free hit counter